15 powiatów z każdego województwa - Statystyki

Ogólne statystyki
  • Ten quiz został rozwiązany 773 razy
  • Średni wynik to 66 z 235
Statystyki odpowiedzi
Województwo Populacja Powiat % Poprawnych
DOLNOŚLĄSKIE 637683 Wrocław (miasto)
78%
KUJAWSKO-POMORSKIE 202521 Toruń (miasto)
63%
MAZOWIECKIE 1753977 Warszawa (miasto)
63%
KUJAWSKO-POMORSKIE 353938 Bydgoszcz (miasto)
62%
MAŁOPOLSKIE 765320 Kraków (miasto)
61%
LUBELSKIE 340466 Lublin (miasto)
61%
ŁÓDZKIE 696503 Łódź (miasto)
60%
DOLNOŚLĄSKIE 137419 wrocławski
59%
PODKARPACKIE 187422 Rzeszów (miasto)
58%
POMORSKIE 463754 Gdańsk (miasto)
57%
ŚLĄSKIE 298111 Katowice (miasto)
56%
OPOLSKIE 118722 Opole (miasto)
56%
MAZOWIECKIE 215020 Radom (miasto)
55%
PODLASKIE 296628 Białystok (miasto)
54%
DOLNOŚLĄSKIE 100718 Legnica (miasto)
54%
LUBUSKIE 139330 Zielona Góra (miasto)
54%
KUJAWSKO-POMORSKIE 114418 bydgoski
52%
POMORSKIE 246991 Gdynia (miasto)
52%
LUBUSKIE 123995 Gorzów Wielkopolski (miasto)
52%
OPOLSKIE 133160 opolski
52%
WIELKOPOLSKIE 540372 Poznań (miasto)
52%
KUJAWSKO-POMORSKIE 104477 toruński
51%
DOLNOŚLĄSKIE 114568 Wałbrzych (miasto)
51%
ZACHODNIOPOMORSKIE 404878 Szczecin (miasto)
49%
WARMIŃSKO-MAZURSKIE 172993 Olsztyn (miasto)
48%
MAZOWIECKIE 114049 warszawski zachodni
48%
DOLNOŚLĄSKIE 80524 Jelenia Góra (miasto)
47%
ŚWIĘTOKRZYSKIE 197704 Kielce (miasto)
47%
MAŁOPOLSKIE 272591 krakowski
47%
MAŁOPOLSKIE 110110 Tarnów (miasto)
47%
ŚLĄSKIE 226225 Częstochowa (miasto)
46%
PODKARPACKIE 168337 rzeszowski
46%
ŁÓDZKIE 70796 łódzki wschodni
45%
ŁÓDZKIE 74694 Piotrków Trybunalski (miasto)
45%
MAZOWIECKIE 121295 Płock (miasto)
45%
POMORSKIE 111675 gdański
44%
PODLASKIE 146254 białostocki
43%
LUBELSKIE 152253 lubelski
43%
DOLNOŚLĄSKIE 106355 lubiński
43%
MAZOWIECKIE 151630 radomski
43%
ŚLĄSKIE 205873 Sosnowiec (miasto)
43%
LUBUSKIE 75314 zielonogórski
43%
ŚLĄSKIE 182156 Gliwice (miasto)
42%
KUJAWSKO-POMORSKIE 95964 Grudziądz (miasto)
42%
ŚWIĘTOKRZYSKIE 208977 kielecki
42%
PODLASKIE 69626 Suwałki (miasto)
42%
LUBUSKIE 71234 gorzowski
41%
KUJAWSKO-POMORSKIE 162011 inowrocławski
41%
WIELKOPOLSKIE 373570 poznański
41%
MAŁOPOLSKIE 200886 tarnowski
41%
KUJAWSKO-POMORSKIE 112483 Włocławek (miasto)
41%
LUBELSKIE 64648 Zamość (miasto)
41%
LUBELSKIE 107928 zamojski
40%
WARMIŃSKO-MAZURSKIE 124205 olsztyński
39%
POMORSKIE 91935 Słupsk (miasto)
39%
KUJAWSKO-POMORSKIE 86605 włocławski
39%
ŚLĄSKIE 175459 Zabrze (miasto)
39%
ZACHODNIOPOMORSKIE 107680 Koszalin (miasto)
38%
MAŁOPOLSKIE 213864 nowosądecki
38%
ŚLĄSKIE 172030 Bielsko-Biała (miasto)
37%
MAZOWIECKIE 111170 płocki
37%
ŚLĄSKIE 169617 Bytom (miasto)
36%
WARMIŃSKO-MAZURSKIE 121191 Elbląg (miasto)
36%
WIELKOPOLSKIE 129475 koniński
36%
ŚWIĘTOKRZYSKIE 78858 sandomierski
36%
ŁÓDZKIE 113004 bełchatowski
35%
LUBELSKIE 79088 chełmski
35%
PODKARPACKIE 74360 przemyski
35%
PODLASKIE 56075 bielski
34%
ŚLĄSKIE 162926 bielski
34%
DOLNOŚLĄSKIE 161452 kłodzki
34%
ŁÓDZKIE 91334 piotrkowski
34%
ŚLĄSKIE 139252 Rybnik (miasto)
34%
OPOLSKIE 90771 brzeski
33%
WARMIŃSKO-MAZURSKIE 58094 elbląski
33%
OPOLSKIE 138369 nyski
33%
LUBELSKIE 114722 puławski
33%
LUBELSKIE 85105 tomaszowski
33%
ŁÓDZKIE 118234 tomaszowski
33%
DOLNOŚLĄSKIE 89989 głogowski
32%
ZACHODNIOPOMORSKIE 79450 kołobrzeski
32%
ZACHODNIOPOMORSKIE 66071 koszaliński
32%
LUBUSKIE 55759 krośnieński
32%
PODKARPACKIE 112193 krośnieński
32%
ŁÓDZKIE 119299 pabianicki
32%
MAZOWIECKIE 161645 pruszkowski
32%
POMORSKIE 98501 słupski
32%
POMORSKIE 211455 wejherowski
32%
WIELKOPOLSKIE 82905 kaliski
31%
WIELKOPOLSKIE 102249 Kalisz (miasto)
31%
PODLASKIE 62801 Łomża (miasto)
31%
MAŁOPOLSKIE 190757 nowotarski
31%
MAŁOPOLSKIE 154581 oświęcimski
31%
WIELKOPOLSKIE 137382 pilski
31%
ŁÓDZKIE 119009 sieradzki
30%
DOLNOŚLĄSKIE 158939 świdnicki
30%
LUBELSKIE 72495 świdnicki
30%
PODKARPACKIE 136315 mielecki
29%
PODKARPACKIE 95485 sanocki
29%
POMORSKIE 115836 tczewski
29%
ŁÓDZKIE 165206 zgierski
29%
PODLASKIE 58905 augustowski
28%
DOLNOŚLĄSKIE 106794 oleśnicki
28%
WIELKOPOLSKIE 145211 gnieźnieński
27%
LUBUSKIE 97783 żarski
27%
POMORSKIE 96952 chojnicki
26%
WARMIŃSKO-MAZURSKIE 90584 ełcki
26%
OPOLSKIE 66446 kluczborski
26%
MAZOWIECKIE 114421 legionowski
26%
LUBUSKIE 87127 nowosolski
26%
DOLNOŚLĄSKIE 76329 oławski
26%
WIELKOPOLSKIE 161574 ostrowski
26%
DOLNOŚLĄSKIE 91258 zgorzelecki
26%
PODKARPACKIE 135336 dębicki
25%
ŚWIĘTOKRZYSKIE 111984 ostrowiecki
25%
POMORSKIE 83752 pucki
25%
ŚLĄSKIE 139125 Ruda Śląska (miasto)
25%
PODKARPACKIE 107576 stalowowolski
25%
ZACHODNIOPOMORSKIE 120235 stargardzki
25%
MAŁOPOLSKIE 112863 olkuski
24%
LUBUSKIE 80633 żagański
24%
LUBELSKIE 112398 bialski
23%
LUBELSKIE 102272 biłgorajski
23%
DOLNOŚLĄSKIE 90180 bolesławiecki
23%
KUJAWSKO-POMORSKIE 52236 chełmiński
23%
WARMIŃSKO-MAZURSKIE 92791 iławski
23%
PODKARPACKIE 121299 jarosławski
23%
ŁÓDZKIE 98583 kutnowski
23%
MAZOWIECKIE 123443 otwocki
23%
LUBUSKIE 56204 świebodziński
23%
KUJAWSKO-POMORSKIE 99661 świecki
23%
MAŁOPOLSKIE 159673 wadowicki
23%
WARMIŃSKO-MAZURSKIE 57141 giżycki
22%
PODLASKIE 44146 hajnowski
22%
LUBELSKIE 97069 kraśnicki
22%
POMORSKIE 66177 lęborski
22%
PODLASKIE 51305 łomżyński
22%
ŚWIĘTOKRZYSKIE 91449 starachowicki
22%
MAŁOPOLSKIE 123251 wielicki
22%
MAZOWIECKIE 238478 wołomiński
22%
MAŁOPOLSKIE 105747 bocheński
21%
WARMIŃSKO-MAZURSKIE 105607 ostródzki
21%
ŚWIĘTOKRZYSKIE 76384 skarżyski
21%
LUBUSKIE 47093 słubicki
21%
KUJAWSKO-POMORSKIE 78630 brodnicki
20%
MAŁOPOLSKIE 126054 chrzanowski
20%
ŚLĄSKIE 177863 cieszyński
20%
DOLNOŚLĄSKIE 102649 dzierżoniowski
20%
MAŁOPOLSKIE 109049 gorlicki
20%
PODKARPACKIE 114533 jasielski
20%
ŁÓDZKIE 79340 łowicki
20%
LUBUSKIE 58397 międzyrzecki
20%
MAZOWIECKIE 152268 miński
20%
KUJAWSKO-POMORSKIE 86774 nakielski
20%
ŁÓDZKIE 114336 radomszczański
20%
OPOLSKIE 75277 strzelecki
20%
POMORSKIE 78834 bytowski
19%
MAZOWIECKIE 91647 grodziski
19%
LUBELSKIE 65195 hrubieszowski
19%
POMORSKIE 83495 kwidzyński
19%
WARMIŃSKO-MAZURSKIE 50507 mrągowski
19%
OPOLSKIE 42707 namysłowski
19%
MAZOWIECKIE 179496 piaseczyński
19%
ZACHODNIOPOMORSKIE 77201 policki
19%
OPOLSKIE 55915 prudnicki
19%
KUJAWSKO-POMORSKIE 55347 aleksandrowski
18%
POMORSKIE 131071 kartuski
18%
MAŁOPOLSKIE 130289 limanowski
18%
LUBELSKIE 89326 lubartowski
18%
LUBELSKIE 108299 łukowski
18%
ŁÓDZKIE 77238 wieluński
18%
PODLASKIE 44143 zambrowski
18%
ŁÓDZKIE 67248 zduńskowolski
18%
ŚLĄSKIE 153197 żywiecki
18%
ŚWIĘTOKRZYSKIE 72779 buski
17%
ŚWIĘTOKRZYSKIE 86886 jędrzejowski
17%
OPOLSKIE 95750 kędzierzyńsko-kozielski
17%
OPOLSKIE 64373 krapkowicki
17%
MAŁOPOLSKIE 125647 myślenicki
17%
KUJAWSKO-POMORSKIE 70528 żniński
17%
WARMIŃSKO-MAZURSKIE 58884 bartoszycki
16%
PODLASKIE 48041 grajewski
16%
PODKARPACKIE 80464 łańcucki
16%
ŚWIĘTOKRZYSKIE 53361 opatowski
16%
PODLASKIE 68664 sokólski
16%
ŚLĄSKIE 149720 będziński
15%
MAZOWIECKIE 98559 grójecki
15%
WARMIŃSKO-MAZURSKIE 63969 kętrzyński
15%
PODKARPACKIE 69663 leżajski
15%
OPOLSKIE 65101 oleski
15%
ŚWIĘTOKRZYSKIE 39838 pińczowski
15%
DOLNOŚLĄSKIE 84063 trzebnicki
15%
LUBUSKIE 39256 wschowski
15%
OPOLSKIE 46445 głubczycki
14%
ZACHODNIOPOMORSKIE 61160 gryficki
14%
ŚWIĘTOKRZYSKIE 34273 kazimierski
14%
WIELKOPOLSKIE 88125 kolski
14%
ŚWIĘTOKRZYSKIE 81902 konecki
14%
POMORSKIE 71771 kościerski
14%
PODLASKIE 41254 moniecki
14%
ŚWIĘTOKRZYSKIE 72797 staszowski
14%
LUBUSKIE 35409 sulęciński
14%
ZACHODNIOPOMORSKIE 78430 szczecinecki
14%
ZACHODNIOPOMORSKIE 54013 wałecki
14%
ZACHODNIOPOMORSKIE 82474 goleniowski
13%
ZACHODNIOPOMORSKIE 83249 gryfiński
13%
ŁÓDZKIE 77203 opoczyński
13%
PODKARPACKIE 78735 przeworski
13%
ŚLĄSKIE 139079 tarnogórski
13%
ŚWIĘTOKRZYSKIE 45708 włoszczowski
13%
ŚLĄSKIE 157886 wodzisławski
13%
LUBELSKIE 64921 krasnostawski
12%
WIELKOPOLSKIE 77764 krotoszyński
12%
KUJAWSKO-POMORSKIE 66575 lipnowski
12%
WARMIŃSKO-MAZURSKIE 57295 piski
12%
WIELKOPOLSKIE 84297 turecki
12%
WARMIŃSKO-MAZURSKIE 66011 działdowski
11%
MAZOWIECKIE 108843 garwoliński
11%
PODKARPACKIE 66911 niżański
11%
WARMIŃSKO-MAZURSKIE 70466 szczycieński
11%
PODLASKIE 57903 wysokomazowiecki
11%
ZACHODNIOPOMORSKIE 57979 drawski
10%
PODLASKIE 38995 kolneński
10%
WIELKOPOLSKIE 77073 wrzesiński
10%
WARMIŃSKO-MAZURSKIE 44166 nowomiejski
9%
PODKARPACKIE 73956 ropczycko-sędziszowski
9%
LUBUSKIE 49842 strzelecko-drezdenecki
9%
WIELKOPOLSKIE 79263 kościański
8%
ZACHODNIOPOMORSKIE 67016 myśliborski
8%
ZACHODNIOPOMORSKIE 57033 sławieński
8%
WIELKOPOLSKIE 90417 szamotulski
7%
ZACHODNIOPOMORSKIE 49220 choszczeński
6%
WIELKOPOLSKIE 87885 czarnkowsko-trzcianecki
5%
POMORSKIE 127502 starogradzki
4%
PODLASKIE 45538 siematycki
3%
Nie znaleziono quizów pasujących do podanych kryteriów
Rozkład punktacji
Procent ludzi z każdym wynikiem
Percentyl według liczby udzielonych odpowiedzi
Twoja historia wyników
Nie rozwiązałeś tego quizu